Seasonality of tourism in Thailand
| Szerző: | |
|---|---|
| További közreműködők: | |
| Dokumentumtípus: | Diplomadolgozat |
| Kulcsszavak: | 21th century case studies industrial management research methodology web |
| Online Access: | http://dolgozattar.uni-bge.hu/60279 |
MARC
| LEADER | 00000nta a2200000 i 4500 | ||
|---|---|---|---|
| 001 | dolg60279 | ||
| 005 | 20260409150236.0 | ||
| 008 | 260409suuuu hu om 000 eng d | ||
| 040 | |a BGE Dolgozattár Repozitórium |b hun | ||
| 041 | |a en | ||
| 100 | 1 | |a Viniczai Tímea | |
| 245 | 1 | 0 | |a Seasonality of tourism in Thailand |c Viniczai Tímea |h [elektronikus dokumentum] |
| 520 | 3 | |a In my thesis, I researched how tourism in Thailand changes in the high and low seasons. I wanted to understand what causes the ups and downs in tourism here like weather, school holidays, and travel trends. I also looked at how these changes affect local people, businesses. Too many tourists can bring problems, but too few can also be hard for the economy. I tried to find ideas that could help tourism be balanced across the year. I hope this work can give a better picture of the situation and be useful for people who work in tourism in Thailand. | |
| 695 | |a 21th century | ||
| 695 | |a case studies | ||
| 695 | |a industrial management | ||
| 695 | |a research methodology | ||
| 695 | |a web | ||
| 700 | 1 | |a Hinek Mátyás |e ths | |
| 856 | 4 | 0 | |u http://dolgozattar.uni-bge.hu/60279/1/thesiss_seasonality_thailand_final_pdf.pdf |z Dokumentum-elérés |
| 856 | 4 | 0 | |u http://dolgozattar.uni-bge.hu/60279/2/declaration-of-thesis-authenticity_.pdf |z Dokumentum-elérés |
| 856 | 4 | 0 | |u http://dolgozattar.uni-bge.hu/60279/3/T%C3%ADmea%20Viniczai%20b%C3%ADr%C3%A1lat%20MG.pdf |z Dokumentum-elérés |
| 856 | 4 | 0 | |u http://dolgozattar.uni-bge.hu/60279/4/B%C3%ADr%C3%A1lati%20lap_Viniczai%20T%C3%ADmea_HM.pdf |z Dokumentum-elérés |